|
|
|
|
| LEADER |
00000nam2a2200000 4500 |
| 001 |
153452 |
| 005 |
20231101221706.0 |
| 010 |
|
|
|a 5893498178
|
| 010 |
|
|
|a 5-02-033330-1
|
| 035 |
|
|
|a (RuTPU)RU\TPU\book\166481
|
| 090 |
|
|
|a 153452
|
| 100 |
|
|
|a 20090212d2006 km y0rusy50 ca
|
| 101 |
0 |
|
|a rus
|
| 102 |
|
|
|a RU
|
| 105 |
|
|
|a y e 000zy
|
| 200 |
0 |
|
|a Т. 2
|
| 210 |
|
|
|d 2006
|
| 215 |
|
|
|a 656 с.
|
| 330 |
|
|
|a В Словаре представлены грамматические формы изменяемых слов; приводится также грамматическая характеристика неизменяемых слов и служебных частей речи; отмечены основные и вариантные (допустимые) формы. Грамматические формы приводятся с учетом лексического значения слова. Все слова и их формы сопровождаются ударением. Имеются сведения о различных изменениях, происходящих при образовании форм: чередованиях, перемещениях ударения и др. Словарь включает большое количество новых слов, появившихся в языке за последние десятилетия; всего в Словаре более 33000 слов. Для студентов, аспирантов и преподавателей филологических факультетов вузов, специалистов-филологов.
|
| 461 |
|
1 |
|0 (RuTPU)RU\TPU\book\171525
|y 5-89349-628-0
|y 5-02-033005-1
|t Большой грамматический словарь
|o более 33 000 слов
|o в двух томах
|f под ред. А. Н. Тихонова
|v Т. 2
|d 2006
|
| 606 |
1 |
|
|a Русский язык
|x Словари
|2 stltpush
|3 (RuTPU)RU\TPU\subj\67926
|9 83518
|
| 610 |
1 |
|
|a лексика
|
| 610 |
1 |
|
|a грамматика
|
| 610 |
1 |
|
|a грамматические формы
|
| 610 |
1 |
|
|a ударение
|
| 686 |
|
|
|a Ш141.2-4
|2 rubbk
|
| 801 |
|
1 |
|a RU
|b 63413507
|c 20090212
|g PSBO
|
| 801 |
|
2 |
|a RU
|b 63413507
|c 20130523
|g PSBO
|
| 942 |
|
|
|c BK
|
| 959 |
|
|
|a 25/20090211
|d 1
|e 0
|f ЧЗИЛ:1
|